| 000 | 00823cab a2200265 4500 | ||
|---|---|---|---|
| 001 | ABS45667 | ||
| 008 | 090401t1991 xxu||||| |||| 00| 0 eng d | ||
| 035 | _a(Sirsi) u54362 | ||
| 041 | _aeng | ||
| 100 | _aDavis, P. | ||
| 245 | _aProperty sales with deferred consideration | ||
| 260 | _c1991 | ||
| 350 | _a0 | ||
| 490 |
_aProperty Journal _v16(6) December 1991, 20-22(3) |
||
| 520 | _aDiscusses aspects of Capital Gains Tax and VAT for the vendor on a deferred sale as well as warning about the difficulties of securing payments in the first place. | ||
| 650 | _aDEFERRED CONSIDERATION | ||
| 650 | _aPROPERTY SALES | ||
| 650 | _aVENDOR AND PURCHASER | ||
| 690 | _aPROPERTY LAW AND PRACTICE | ||
| 690 | _aTAXATION | ||
| 700 | _aRomney, C. | ||
| 700 | _aHewitt, C.M. | ||
| 942 | _n0 | ||
| 948 | _c04/03/1997 | ||
| 999 |
_c33324 _d33324 |
||